00466nmm a2200169Ia 4500008004100000020001800041041000800059100003600067245002200103264004200125300001800167490001400185650002200199856005100221942000700272999001700279251105s9999||||xx |||||||||||||||||und|| a9788496290754 aspa aCastillo Solórzano, Alonso de 0aLisardo enamorado a[Madrid, España] :bLinkgua, c2011 a214 páginas aNarrativa aSpanish narrative uhttps://public.digitaliapublishing.com/a/16064 cCF c89782d89782